000 00341nam a2200133Ia 4500
008 191014s9999 xx 000 0 und d
020 _a978-1-611-97507
082 _a518.0285
_bDRI
100 _aT.A. Driscoll R.J. Braun
_920466
245 0 _aFundamentals of Numerical Computation
260 _c2018
300 _aXxix,553
942 _cBK
999 _c531052
_d531052